LEADER 01667nam a2200277 i 4500 001 000000215702 003 CaOOAMICUS 005 20190816083441.0 008 120905s1735 xx u000 u lat u 013 $a194577 026 $aisde o-da e-*- brde (3) 1735 (R) - [*=dittongo ae] 040 $aSeMil$bita 100 1 $aSerry, Jacques-Hyacinthe,$d<1659-1738>.$0(OLS)http://semarc/name/22547 245 10$aFratris Hyacinthi Serry ... Ab Aloysio Maria Lucino r.j.c.g. aperta jam fronte provocati, iterata defensio. Seu infallibilitatis pontificiae justis terminis circumscriptae fusior explicatio, firmiorque defensio. Dissertatio apologetica .. 250 $aEditio secunda aucta & castigata. 260 $aParisiis :$bApud Antonium Dezaillier, viā Jacobeā, sub Corona Aurea,$c1735. 300 $a152 p. ;$c8°. 500 $aCors. ; rom. - Segn. : A-H8 I12. - Testatine e iniz. xilogr. 650 4$aPapa - Primato.$0(OLS)http://semarc/subject/4311 650 4$aPapa - Infallibilitą.$0(OLS)http://semarc/subject/9211 700 1 $aDezallier, Antoine,$c.$0(OLS)http://semarc/name/2743 850 $aSeMil 852 $aSeMil$W1$xVenegono$y1$m2B II 51 FA$j166122$B166122$CSeMilBibl$Z2$F177069 $8I 996 $6245$aFratris Hyacinthi Serry ... Ab Aloysio Maria Lucino r.j.c.g. aperta jam fronte provocati, iterata defensio. Seu infallibilitatis pontificiae justis terminis circumscriptae fusior explicatio, firmiorque defensio. Dissertatio apologetica ..$9(OLS)http://semarc/title/310442 996 $6260$aParisiis :$bApud Antonium Dezaillier, viā Jacobeā, sub Corona Aurea$9(OLS)http://semarc/publisher/52959 LEADER 01307nam a2200265 i 4500 001 000000044954 003 CaOOAMICUS 005 20091104000000.0 008 091104s1963 sz u000 u eng u 013 $a16124 040 $aSeMil$bita 100 1 $aMegivern, James J.$0(OLS)http://semarc/name/22372 245 10$aConcomitance and communion :$ba study in eucharistic doctrine and practice /$cJames J. Megivern. 260 $aNew York :$bHerder,$c1963. 260 $aFribourg, Switzerland :$bThe University Press,$c1963. 300 $aXXII, 263 p. ;$c24 cm. 490 0 $aStudia Friburgensia : Neue Folge = Nouvelle série = New series ;$v33. New series 650 4$aEucaristia - Storia.$0(OLS)http://semarc/subject/89 650 4$aEucaristia - Teologia sistematica.$0(OLS)http://semarc/subject/5569 830 0$aStudia Friburgensia. Neue Folge ;$v33. New series.$0(OLS)http://semarc/title/336 850 $aSeMil 852 $aSeMil$W1$xVenegono$y1$m2B V 137$j11109$B11109$CSeMilBibl$Z2$F11109 $81 996 $6245$aConcomitance and communion :$ba study in eucharistic doctrine and practice$9(OLS)http://semarc/title/66693 996 $6260$aFribourg, Switzerland :$bThe University Press$9(OLS)http://semarc/publisher/40433 996 $6260$aNew York :$bHerder$9(OLS)http://semarc/publisher/37899